Filosofía de la ciencia: el eslabón entre la ciencia y la filosofía
محفوظ في:
| المؤلف الرئيسي: | |
|---|---|
| التنسيق: | كتاب |
| اللغة: | الإسبانية |
| منشور في: |
Ciudad de México
Herrero Hermanos
1965
|
| الموضوعات: | |
| الوسوم: |
إضافة وسم
لا توجد وسوم, كن أول من يضع وسما على هذه التسجيلة!
|
MARC
| LEADER | 00000nam a2200000 a 4500 | ||
|---|---|---|---|
| 001 | UCZ3327 | ||
| 003 | CL-VaPUC | ||
| 008 | 951020e19651000MX |||||||||||||||||spa|d | ||
| 082 | 0 | 4 | |a 501 |b FRA |2 21 |
| 100 | 0 | |a Frank, Philipp |e author |9 347124 | |
| 245 | 1 | 0 | |a Filosofía de la ciencia: el eslabón entre la ciencia y la filosofía |
| 300 | |a 335 p | ||
| 942 | |c BK | ||
| 945 | |d 19951020 00:00:00 |a cmena | ||
| 260 | |a Ciudad de México |b Herrero Hermanos |c 1965 | ||
| 650 | 0 | |a Filosofía de las ciencias |9 256466 | |
| 650 | 0 | |a Geometría |9 264063 | |
| 650 | 0 | |a Física |9 227844 | |
| 650 | 0 | |a Metafísica |9 265649 | |
| 650 | 0 | |a Ciencia |9 255691 | |
| 583 | |a last modification |c 19951020 00:00:00 |k Rodrigo Vera | ||
| 999 | |c 239813 |d 239811 | ||
| 952 | |0 0 |1 0 |4 0 |6 501_000000000000000_FRA_1965 |7 0 |8 P |9 251234 |a BIBEDU |b BIBEDU |c BIBEDU_PB |d 2019-11-18 |i 1585649 |o 501 FRA 1965 |p 1585649 |r 2024-01-25 |w 2019-11-18 |y BK |k FIL | ||